<?xml version="1.0" encoding="UTF-8"?>
<record
    xmlns:xsi="http://www.w3.org/2001/XMLSchema-instance"
    xsi:schemaLocation="http://www.loc.gov/MARC21/slim http://www.loc.gov/standards/marcxml/schema/MARC21slim.xsd"
    xmlns="http://www.loc.gov/MARC21/slim">

  <leader>00885nam a22002417a 4500</leader>
  <datafield tag="999" ind1=" " ind2=" ">
    <subfield code="c">93947</subfield>
    <subfield code="d">93947</subfield>
  </datafield>
  <controlfield tag="003">NALT</controlfield>
  <controlfield tag="005">20220808074013.0</controlfield>
  <controlfield tag="008">171108b        th ||||| |||| 00| f tha d</controlfield>
  <datafield tag="020" ind1=" " ind2=" ">
    <subfield code="a">9786162930195</subfield>
  </datafield>
  <datafield tag="040" ind1=" " ind2=" ">
    <subfield code="a">NALT</subfield>
  </datafield>
  <datafield tag="090" ind1=" " ind2=" ">
    <subfield code="a">FIC</subfield>
    <subfield code="b">&#xE21;589&#xE27; 2555</subfield>
  </datafield>
  <datafield tag="100" ind1="0" ind2=" ">
    <subfield code="9">20125</subfield>
    <subfield code="a">mu_mu_jung</subfield>
  </datafield>
  <datafield tag="245" ind1="1" ind2="0">
    <subfield code="a">Virgin Killer &#xE23;&#xE31;&#xE01;&#xE21;&#xE32;&#xE01;&#xE21;&#xE32;&#xE22;&#xE19;&#xE32;&#xE22;&#xE40;&#xE1E;&#xE25;&#xE22;&#xE4C;&#xE1A;&#xE2D;&#xE22; /</subfield>
    <subfield code="c">mu_mu_jung.</subfield>
  </datafield>
  <datafield tag="246" ind1="1" ind2="1">
    <subfield code="a">&#xE40;&#xE27;&#xE2D;&#xE23;&#xE4C;&#xE40;&#xE08;&#xE34;&#xE49;&#xE19; &#xE04;&#xE34;&#xE25;&#xE40;&#xE25;&#xE2D;&#xE23;&#xE4C; &#xE23;&#xE31;&#xE01;&#xE21;&#xE32;&#xE01;&#xE21;&#xE32;&#xE22;&#xE19;&#xE32;&#xE22;&#xE40;&#xE1E;&#xE25;&#xE22;&#xE4C;&#xE1A;&#xE2D;&#xE22; </subfield>
  </datafield>
  <datafield tag="250" ind1=" " ind2=" ">
    <subfield code="a">&#xE1E;&#xE34;&#xE21;&#xE1E;&#xE4C;&#xE04;&#xE23;&#xE31;&#xE49;&#xE07;&#xE17;&#xE35;&#xE48; 1</subfield>
  </datafield>
  <datafield tag="260" ind1=" " ind2=" ">
    <subfield code="a">&#xE19;&#xE19;&#xE17;&#xE1A;&#xE38;&#xE23;&#xE35; :</subfield>
    <subfield code="b">&#xE2A;&#xE15;&#xE32;&#xE23;&#xE4C;&#xE40;&#xE25;&#xE47;&#xE17;,</subfield>
    <subfield code="c">2555.</subfield>
  </datafield>
  <datafield tag="300" ind1=" " ind2=" ">
    <subfield code="a">223 &#xE2B;&#xE19;&#xE49;&#xE32; ;</subfield>
    <subfield code="c">21 &#xE0B;&#xE21;.</subfield>
  </datafield>
  <datafield tag="650" ind1=" " ind2="0">
    <subfield code="a">&#xE19;&#xE27;&#xE19;&#xE34;&#xE22;&#xE32;&#xE22;&#xE44;&#xE17;&#xE22;</subfield>
    <subfield code="9">6428</subfield>
  </datafield>
  <datafield tag="850" ind1=" " ind2=" ">
    <subfield code="a">NALT</subfield>
  </datafield>
  <datafield tag="942" ind1=" " ind2=" ">
    <subfield code="c">FIC</subfield>
    <subfield code="2">local</subfield>
  </datafield>
  <datafield tag="998" ind1=" " ind2=" ">
    <subfield code="a">bijaya</subfield>
    <subfield code="b">phon</subfield>
    <subfield code="c">phon</subfield>
    <subfield code="j"></subfield>
    <subfield code="k">CRON CRON</subfield>
  </datafield>
  <datafield tag="952" ind1=" " ind2=" ">
    <subfield code="0">0</subfield>
    <subfield code="1">0</subfield>
    <subfield code="2">local</subfield>
    <subfield code="4">0</subfield>
    <subfield code="7">0</subfield>
    <subfield code="8">CFICSHT</subfield>
    <subfield code="a">NALT</subfield>
    <subfield code="b">NALT</subfield>
    <subfield code="d">2017-11-08</subfield>
    <subfield code="l">0</subfield>
    <subfield code="o">FIC &#xE21;589&#xE27; 2555</subfield>
    <subfield code="p">3961207546</subfield>
    <subfield code="r">2017-11-16 00:00:00</subfield>
    <subfield code="w">2017-11-08</subfield>
    <subfield code="y">FIC</subfield>
  </datafield>
</record>
